[Event "GER-chT U14 Girls"]
[Site "Stuttgart"]
[Date "2007.12.29"]
[Round "5.2"]
[White "Dilz, Jasmin"]
[Black "Jermann, Isabel"]
[Result "1/2-1/2"]
[WhiteElo "1423"]
[BlackElo "977"]
[PlyCount "52"]
[EventDate "2007.12.27"]
[EventType "team-swiss"]
[EventRounds "7"]
[EventCountry "GER"]
[SourceTitle "EXT 2009"]
[Source "ChessBase"]
[SourceDate "2008.11.26"]
[SourceVersion "1"]
[SourceVersionDate "2008.11.26"]
[SourceQuality "1"]
[WhiteTeam "Saalfeld U14 Girls"]
[BlackTeam "Vaterstetten SC U14 Girls"]
[WhiteTeamCountry "GER"]
[BlackTeamCountry "GER"]

1. e4 c6 2. Nc3 d5 3. exd5 cxd5 4. d4 Nf6 5. Nf3 Bg4 6. Bb5+ Nbd7 7. Bg5 Ne4 8. Bd2 e6 9. a3 Bd6 10. Qe2 Nxd2 11. Kxd2 0-0 12. h3 Bh5 13. Rae1 Nb6 14. g4 Bg6 15. Kd1 a6 16. Bd3 Bxd3 17. Qxd3 Nc4 18. Kc1 Qb6 19. Na4 Qb5 20. Qb3 Qxb3 21. cxb3 Na5 22. b4 Rac8+ 23. Nc3 Nc4 24. Kc2 Rfe8 25. Rd1 Rc7 26. Rd3 f5 1/2-1/2

[Event "GER-chT U14 Girls"]
[Site "Stuttgart"]
[Date "2007.12.28"]
[Round "3.2"]
[White "Dilz, Jasmin"]
[Black "Zeller, Elisa"]
[Result "1-0"]
[WhiteElo "1423"]
[BlackElo "1216"]
[PlyCount "95"]
[EventDate "2007.12.27"]
[EventType "team-swiss"]
[EventRounds "7"]
[EventCountry "GER"]
[SourceTitle "EXT 2009"]
[Source "ChessBase"]
[SourceDate "2008.11.26"]
[SourceVersion "1"]
[SourceVersionDate "2008.11.26"]
[SourceQuality "1"]
[WhiteTeam "Saalfeld U14 Girls"]
[BlackTeam "Heumaden U14 Girls"]
[WhiteTeamCountry "GER"]
[BlackTeamCountry "GER"]

1. d4 d5 2. e3 c6 3. Bd3 Nf6 4. f4 Bg4 5. Nf3 h6 6. Nbd2 Nbd7 7. 0-0 e6 8. c3 b5 9. h3 Bxf3 10. Nxf3 a5 11. Ne5 Rc8 12. Bd2 b4 13. Rb1 c5 14. Be1 Be7 15. Bc2 c4 16. Bh4 Ne4 17. Bxe7 Qxe7 18. Bxe4 dxe4 19. Qa4 Rc7 20. Qxa5 Nxe5 21. Qxe5 0-0 22. cxb4 c3 23. bxc3 Rxc3 24. Qxe4 Rc4 25. b5 Rb8 26. Qd3 Rc7 27. Rfc1 Rcb7 28. Rc5 Rd8 29. Qc2 g6 30. a4 Ra8 31. Rc8+ Rxc8 32. Qxc8+ Kg7 33. Qc5 Qd7 34. Rc1 Ra7 35. Rc4 Kf6 36. b6 Rb7 37. a5 Qd5 38. Qxd5 exd5 39. Rc7 Rb8 40. b7 Ke6 41. a6 Kd6 42. Rc8 Rxc8 43. bxc8Q g5 44. a7 h5 45. a8Q f5 46. Qcc6+ Ke7 47. Qab7+ Kd8 48. Qcd7# 1-0

[Event "GER-chT U14 Girls"]
[Site "Dittrichshuette"]
[Date "2005.12.29"]
[Round "5.3"]
[White "Dilz, Jasmin"]
[Black "Voss, Janine"]
[Result "1-0"]
[WhiteElo "1233"]
[BlackElo "1506"]
[PlyCount "69"]
[EventDate "2005.12.27"]
[EventType "team-swiss"]
[EventRounds "6"]
[EventCountry "GER"]
[SourceTitle "CBM 110 Extra"]
[Source "ChessBase"]
[SourceDate "2006.03.10"]
[SourceVersion "2"]
[SourceVersionDate "2006.03.10"]
[SourceQuality "1"]
[WhiteTeam "Stadtilm Blau Weiss U14 Girls"]
[BlackTeam "Nastaetten SC U14 Girls"]
[WhiteTeamCountry "GER"]
[BlackTeamCountry "GER"]

1. e4 c5 2. Nf3 d6 3. Bc4 Nc6 4. 0-0 Nf6 5. d3 g6 6. a3 Bg7 7. c3 a6 8. Re1 0-0 9. Nbd2 b5 10. Ba2 Bb7 11. Nf1 Rc8 12. Bg5 Rc7 13. Ne3 Rc8 14. Nd5 Nd7 15. Rb1 h6 16. Bh4 Nb6 17. Qd2 Rb8 18. Re2 Nc8 19. Rbe1 Qd7 20. h3 e6 21. Nf6+ Bxf6 22. Bxf6 Kh7 23. Ng5+ Kg8 24. Qf4 Rd8 25. Qh4 h5 26. Bxd8 Nxd8 27. Re3 Qc7 28. Rf3 Qe7 29. g4 f6 30. Nxe6 Nxe6 31. Qxf6 c4 32. Qxg6+ Ng7 33. dxc4 bxc4 34. Bxc4+ Kh8 35. Qh6# 1-0

[Event "GER-chT U14 Girls"]
[Site "Dittrichshuette"]
[Date "2005.12.27"]
[Round "1.3"]
[White "Dilz, Jasmin"]
[Black "Hielscher, Caroline"]
[Result "1-0"]
[WhiteElo "1233"]
[BlackElo "775"]
[PlyCount "49"]
[EventDate "2005.12.27"]
[EventType "team-swiss"]
[EventRounds "6"]
[EventCountry "GER"]
[SourceTitle "CBM 110 Extra"]
[Source "ChessBase"]
[SourceDate "2006.03.10"]
[SourceVersion "2"]
[SourceVersionDate "2006.03.10"]
[SourceQuality "1"]
[WhiteTeam "Stadtilm Blau Weiss U14 Girls"]
[BlackTeam "Wattenscheid U14 Girls"]
[WhiteTeamCountry "GER"]
[BlackTeamCountry "GER"]

1. e4 e5 2. Nf3 Nc6 3. Bb5 Nf6 4. Nc3 Bb4 5. d3 d6 6. Bxc6+ bxc6 7. Bd2 Rb8 8. b3 Ba6 9. Ne2 0-0 10. 0-0 Re8 11. Bxb4 Rxb4 12. c4 d5 13. Ng3 Qd7 14. Qd2 Rbb8 15. Qa5 Bc8 16. Qxa7 Bb7 17. Qe3 d4 18. Qd2 c5 19. Nf5 Nh5 20. Qg5 g6 21. g4 Nf4 22. Nh6+ Kf8 23. Qf6 Ne2+ 24. Kh1 Re7 25. Qh8# 1-0

[Event "GER-ch U12"]
[Site "Willingen"]
[Date "2005.05.15"]
[Round "3"]
[White "Risius, Philipp"]
[Black "Dilz, Jasmin"]
[Result "1-0"]
[WhiteElo "1429"]
[BlackElo "1138"]
[PlyCount "139"]
[EventDate "2005.05.14"]
[EventType "swiss"]
[EventRounds "11"]
[EventCountry "GER"]
[SourceTitle "CBM 106 Extra"]
[Source "ChessBase"]
[SourceDate "2005.07.01"]
[SourceVersion "1"]
[SourceVersionDate "2005.07.01"]
[SourceQuality "1"]

1. e4 d5 2. exd5 Qxd5 3. Nc3 Qa5 4. Nf3 Bf5 5. d4 c6 6. Bd3 Bg6 7. 0-0 e6 8. a3 Qc7 9. Re1 Bd6 10. Ne4 Bxe4 11. Bxe4 Nf6 12. c4 Nbd7 13. c5 Be7 14. Bd3 0-0-0 15. a4 Nd5 16. Bd2 N7f6 17. Bc4 h6 18. Bxd5 Rxd5 19. b4 Kd7 20. Ne5+ Ke8 21. Bf4 Qc8 22. Nc4 Qd8 23. Nd6+ Bxd6 24. Bxd6 Kd7 25. Re5 Rxe5 26. dxe5 Nd5 27. Qe1 Qc8 28. g3 Nc7 29. Bxc7 Qxc7 30. Qd2+ Ke7 31. Qd6+ Qxd6 32. cxd6+ Kd7 33. Rc1 Rc8 34. Kf1 a6 35. Ke2 b5 36. axb5 axb5 37. Ra1 Ke8 38. Ra5 g6 39. Kd3 f6 40. f4 fxe5 41. fxe5 g5 42. Ra7 Rd8 43. Re7+ Kf8 44. Rxe6 h5 45. Re7 h4 46. Kd4 hxg3 47. hxg3 g4 48. Kc5 Rc8 49. d7 Rd8 50. Re8+ Rxe8 51. dxe8Q+ Kxe8 52. Kxc6 Ke7 53. Kd5 Kd7 54. e6+ Ke7 55. Ke5 Ke8 56. Kd6 Kd8 57. Kc6 Ke7 58. Kxb5 Kxe6 59. Kc6 Ke5 60. b5 Ke4 61. b6 Kf3 62. b7 Kxg3 63. b8Q+ Kh3 64. Qc8 Kg3 65. Kd5 Kf3 66. Qf5+ Kg3 67. Ke4 Kh4 68. Kf4 Kh3 69. Qxg4+ Kh2 70. Kf3 1-0